The Life of Dr. David Livingstone - Statistics

General Stats
  • This quiz has been taken 15 times
  • The average score is 8 of 19
Answer Stats
Hint Answer % Correct
If it wasn't for the First Opium War, he'd have gone to this country China
85%
Livingstone stir up public support for the abolition of this trade Slave Trade
77%
Animal that almost killed him Lion
69%
Livingstone crossed this desert several times Kalahari Desert
62%
Livingstone was the first European to see these waterfalls Victoria Waterfalls
62%
The number of people Livingstone converted to christianity while being a missionary 1
54%
While searching for the source of the Nile, he mistaken this river for the Nile Congo
54%
American explorer who famously met Livingstone while searching for him Henry Morton Stanley
54%
Livingstone was the first European to cross Africa from ___ to ___ West to East
54%
Country where his heart is buried Zambia
54%
City he first landed in Africa Cape Town
46%
Livingstone was the first European to see this lake in Mozambique, Malawi and Tanzania Lake Malawi
46%
Church in England where his body is buried Westminster Abbey
46%
His place of birth in 1813 Blantyre, Glasgow
31%
Disease from which he died in 1873 Malaria
31%
Livingstone in sometimes blamed for this European imperialist process Scramble for Africa
8%
Livingstone was the first European to see this lake in Botswana Lake Ngami
0%
His wife until 1862 Mary Moffat
0%
Province of the above with Livingstone as capital until 2012 Southern
0%
No matching quizzes found
Score Distribution
Percent of People with Each Score
Percentile by Number Answered
Your Score History
You have not taken this quiz